000 00395nas a2200169 a 4500
001 158777
003 253455
005 20201118123558.0
008 171025s2017 ck ||||||||| 000 0 spa d
041 _aspa
245 0 _aRevista Semana - No.1849 (8-15 oct. 2017)
260 _aBogotá :
_c2017.
562 _e13
773 _016112
_aSemana
942 _cSISS
999 _c158777
_d158777